| 000 | 00546nam a2200205Ia 4500 | ||
|---|---|---|---|
| 008 | 191119s9999 xx 000 0 und d | ||
| 020 | _a978-621-406-171-6 | ||
| 050 | _aFIL BJ 1012 | ||
| 050 | _b.L43 2018 | ||
| 100 | _aLeaño, Roman D., Jr. | ||
| 245 | 0 | _aEthics for college students / | |
| 245 | 0 | _cRoman D. Leaño, Jr., Arthur B. Gubia-on. | |
| 260 | _aPhilippines : | ||
| 260 | _bMindshapers, | ||
| 260 | _c2018 | ||
| 300 | _a267 pages : | ||
| 300 | _c26 cm. | ||
| 500 | _aIncludes bibliographic references. | ||
| 650 | _aEthics. | ||
| 999 |
_c363109 _d363109 |
||